Les 15 Equipes de Proligue (D2 Handball Masculin) - Statistiques

Statistiques générales
  • Ce quiz a été pris 41 fois
  • Le résultat moyen est 10 sur 15
Statistiques - réponses
Hint Réponse % Correct
Calvados Caen Handball
94%
Drôme Valence Handball
74%
Hérault Frontignan Thau HB
71%
Essonne Massy Essonne Handball
71%
Loiret Saran Loiret Handball
71%
Val-de-Marne US Créteil Handball
71%
Val-de-Marne US Ivry Handball
71%
Maine-et-Loire Angers SCO Handball
69%
Doubs Grand Besançon Doubs Handball
69%
Charente-Maritime US Saintes Handball
69%
Pyrénées-Atlantiques Pau Billère Handball
66%
Moselle Sarrebourg Moselle Sud Handball
66%
Puy-de-Dôme Handball Club Cournon d'Auvergne
60%
Manche JS Cherbourg Manche Handball
60%
Seine-et-Marne Pontault-Combault Handball
57%
Aucun quiz correspondant
Distribution des résultats
% des personnes avec chaque résultat
Percentile par nombre de réponses
Votre historique - résultats
Vous n’avez pas pris ce quiz